Earliest European Settlements in the USA by State - Statistics

General Stats
  • This quiz has been taken 31 times
  • The average score is 19 of 50
Answer Stats
State Year Answer % Correct
Florida 1565 St. Augustine
77%
Virginia 1607 Jamestown
73%
Pennsylvania 1682 Philadelphia
68%
Massachusetts 1620 Plymouth
68%
Rhode Island 1636 Providence
68%
Utah 1847 Salt Lake City
68%
Georgia 1733 Savannah
68%
South Carolina 1670 Charleston
64%
Idaho 1862 Boise
59%
Colorado 1858 Denver
59%
New Hampshire 1623 Dover
59%
Connecticut 1633 Hartford
59%
Nebraska 1854 Omaha
59%
New Mexico 1607 Santa Fe
59%
New York 1614 Albany
55%
Montana 1877 Billings
55%
New Jersey 1624 Burlington
55%
Vermont 1763 Burlington
55%
Wyoming 1867 Cheyenne
55%
Alabama 1711 Mobile
55%
Kentucky 1775 Lexington
50%
Arizona 1775 Tucson
50%
Maryland 1649 Annapolis
45%
Nevada 1858 Carson City
45%
North Dakota 1871 Fargo
45%
Wisconsin 1634 Green Bay
45%
California 1769 San Diego
45%
Tennessee 1739 Memphis
41%
Hawaii 1822 Hilo
36%
South Dakota 1865 Sioux Falls
36%
Kansas 1854 Topeka
36%
Iowa 1785 Dubuque
27%
Oklahoma 1889 Norman
27%
Washington 1825 Vancouver
27%
Illinois 1680 Peoria
23%
Michigan 1668 Sault Ste. Marie
23%
Mississippi 1699 Biloxi
18%
West Virginia 1772 Morgantown
14%
Missouri 1735 Ste. Genevieve
14%
Oregon 1811 Astoria
9%
Delaware 1631 Lewes
9%
North Carolina 1710 Bath
5%
Ohio 1786 Steubenville
5%
Texas 1680 Ysleta
5%
Arkansas 1686 Arkansas Post
0%
Indiana 1715 Kekionga
0%
Louisiana 1714 Natchitoches
0%
Minnesota 1820 Oliver's Grove
0%
Maine 1623 South Berwick
0%
Alaska 1774 Unalaska
0%
No matching quizzes found
Score Distribution
Percent of People with Each Score
Percentile by Number Answered
Your Score History
You have not taken this quiz